000 00229 a2200097 4500
001 17672
100 _aRhines F N
245 _aMetallurgy & Metallurgical Engineering series
260 _a
_bMcGraw-Hill
_c
090 _c13056
_d13056
942 _aNUST-CAE
_cM
_c3399
999 _c252745
_d252745